000 01033nam0a2200337 4500
001 RU\NLR\BIBL_A\022684585
005 20260212125332.0
010 _a978-5-00250-423-7
_910000
021 _aRU
_bКН-П-25-066020
_9КН-П-25-6391
035 _a(NLR Aleph) 022684585
090 _a13552517
_c13552517
100 _a20251210d2026 u y0rusy50 ca
101 0 _arus
102 _aRU
105 _ay z 000ay
181 0 _ai
_baxxe
182 0 _an
200 1 _aЛевша
_fН.С. Лесков
203 _aТекст
_bвизуальный
_cнепосредственный
210 _aМосква
_cМИФ
_d2026
215 _a221, [2] с.
_d21
225 1 _aВечные истории
_iYoung adult
225 1 _aКлассика
333 _a16+
686 2 _aШ6(2=Р)52-4
700 1 _7ca
_8rus
_aЛесков
_bН. С.
_f1831-1895
_gНиколай Семенович
_9112020
_3RU\NLR\AUTH\772003
942 _cBOOK
980 _aNB